Smerom k transformácii zasadalo Predsedníctvo ÚR SZPB

Bibliographic Details
Format: Article
Language:Slovak
ISSN:0323-2018
Subjects:

MARC

LEADER 00000nab a2200000 a 4500
001 vtls000753673
003 SK-MaSNL
005 20260302192355.0
008 140402c2001 xo 0 slo
015 |a SNBRB2001/04-12344 
035 |a CLN000105460 
040 |a SNKBUCL  |b slo  |c SNKBUCL  |e AACR2 
041 0 |a slo 
044 |a xo  |c SK 
080 |a 329.75:061.2(437.6)  |2 1997 
245 0 0 |a Smerom k transformácii  |b zasadalo Predsedníctvo ÚR SZPB  |c [autor] -rich- 
610 2 7 |a Slovenský zväz protifašistických bojovníkov  |b Ústredná rada  |b Predsedníctvo  |x zasadanie  |y 6.2.2001  |2 snkbucl  |9 909428 
655 7 |a články z novín a časopisov  |2 snkbucl  |9 267496 
773 0 |t Bojovník  |g Roč. 46, č. 5 (2001), s. 2  |x 0323-2018 
850 |a Slovenská národná knižnica v Martine 
852 |a SNK  |b KIS3GCP 
992 |a RBX 
999 |c 1440550  |d 1442480